| 000 | 01145nam0a2200313 4500 | ||
|---|---|---|---|
| 001 | RU\NLR\BIBL_A\022555007 | ||
| 005 | 20260420045229.0 | ||
| 010 |
_a978-5-91255-406-3 _9100 |
||
| 021 |
_aRU _bКН-П-25-019982 _9КН-П-25-2020 |
||
| 035 | _a(NLR Aleph) 022555007 | ||
| 090 |
_a13673971 _c13673971 |
||
| 100 | _a20250530d2024 u y0rusy50 ca | ||
| 101 | 0 | _arus | |
| 102 | _aRU | ||
| 105 | _aac z 000gy | ||
| 181 | 0 |
_ai _baxxe |
|
| 182 | 0 | _an | |
| 200 | 1 |
_aПод красной звездой _eстихи _fАлексей Житов |
|
| 203 |
_aТекст _bвизуальный _cнепосредственный |
||
| 210 |
_aРязань _cРязанская областная типография _d2024 |
||
| 215 |
_a149, [2] с. _cил., портр. _d21 |
||
| 300 | _aНа 3-й с. авт.: Житов А. Г., журналист | ||
| 686 | 1 | _aШ6(2=Р)75-5 | |
| 700 | 1 |
_aЖитов _bА. Г. _f1922-1982 _gАлексей Григорьевич |
|
| 942 | _cBOOK | ||
| 980 | _aNB | ||